000 00371nam a2200145Ia 4500
008 191201s2005 xx 000 0 und d
082 _a621
_bCHE
100 _aCHATTOPADHYAY, D
245 0 _aElectronics Fundamentals and Applications
250 _a6th
260 _aN.Delhi
_bNew Age International Pub
_c2005
300 _a613
650 _aB.Tech(ECE)
942 _2ddc
_cBK
999 _c1016
_d1016